| 000 | 00608nam a22002177a 4500 | ||
|---|---|---|---|
| 005 | 20170826153329.0 | ||
| 008 | 170824b xxu||||| |||| 00| 0 eng d | ||
| 020 |
_a9781138191273 _cRs.1495.00 |
||
| 040 | _aLoreto College | ||
| 041 | _aEnglish | ||
| 082 |
_a327.54 _bKUM |
||
| 245 |
_aIndia's national security _bAnnual review 2014 _cEdited by Satish Kumar |
||
| 260 |
_aOxon _bRoutledge _c2016 |
||
| 300 |
_axviii,493p _b22cm |
||
| 504 | _aIncludes index | ||
| 650 | _aNational security-India | ||
| 651 | _aIndia-Diplomatic relations | ||
| 700 |
_4ed. _aKumar,Satish |
||
| 850 | _aLCLIB | ||
| 942 | _cBK | ||
| 999 |
_c41206 _d91685 |
||